Sports Quiz

Random Sports or NFL Quiz

Only One 1,000 Yard Season - Rushing Quiz Stats

 Plays Quiz not verified by Sporcle

Support Sporcle.
Go Orange.
Score 0/73 Timer 12:00
0 Plays Today
Year Player % Correct
2004Kevin Jones
91.5%
2006 Julius Jones
91.5%
2008Michael Turner
85%
2006Ronnie Brown
83.4%
2004Chris Brown
83.3%
1981Ted Brown
83.3%
2007LenDale White
82.5%
1992Lorenzo White
82.4%
1987 Charles White
82.4%
2005Cadillac Williams
80.2%
1995Harvey Williams
80.1%
2000Lamar Smith
73.9%
2007Justin Fargas
72.4%
2008Derrick Ward
71.4%
2009Ray Rice
71.2%
2009Maurice Jones-Drew
69.7%
1981Pete Johnson
69.1%
1996Anthony Johnson
69%
2009Cedric Benson
69%
2006Chester Taylor
68%
2008Matt Forte
67.3%
2008Steve Slaton
65.6%
1988Gary Anderson
64.2%
1979Ricky Bell
64.1%
2006Tatum Bell
64.1%
2006Ladell Betts
57.8%
2006Michael Vick
53.5%
2001Dominic Rhodes
51.7%
1995Edgar Bennett
43.4%
2002Michael Bennett
43.4%
1992Barry Foster
41.3%
1985Craig James
41.2%
2009 Fred Jackson
38.9%
1991Gaston Green
38.8%
1992Harold Green
38.8%
2005LaMont Jordan
37.5%
2009Jonathan Stewart
37.4%
Year Player % Correct
2009Rashard Mendenhall
36.7%
1994Natrone Means
35.2%
2009Jamaal Charles
35.1%
1999Olandis Gary
35%
1992Cleveland Gary
34.9%
1988Ickey Woods
33.1%
2000James Allen
31.6%
2000Tyrone Wheatley
31.1%
2003Kevan Barlow
31%
1997Napoleon Kaufman
28.1%
1996Karim Abdul-Jabbar
27.5%
1995Rashaan Salaam
24.9%
1990Marion Butts
24.4%
1998Robert Edwards
23.6%
1993Ron Moore
22.5%
1985Kevin Mack
22.1%
1990Barry Word
20.7%
1989Dalton Hilliard
19.5%
1993Reggie Brooks
19.5%
1984Sammy Winder
17.3%
1997Raymont Harris
16.4%
1986Reuben Mayes
15.7%
1988Mike Rozier
15.6%
1988John Stephens
15.1%
1995Craig Heyward
15%
1978Terry Miller
14.5%
1985Stump Mitchell
13.9%
1992Reggie Cobb
12%
1981Joe Delaney
11.1%
1993Leonard Russell
10.9%
1983Tony Collins
10.7%
1993Erric Pegram
10.5%
1983Curtis Dickey
6.9%
1978 Terdell Middleton
6.8%
1988John Settle
6.5%
1978Tony Reed
5.1%

You're not logged in!

Compare scores with friends on all Sporcle quizzes.
OR
Log In

From the Vault

NFL 30+ Rushing TDs, '00s & '10s

by cdhmiamifan13

Even though he retired in 1987, Walter Payton should probably be on this quiz.
Remove Ads.
Support Sporcle.
Get the best of Sporcle when you Go Orange. This ad-free experience offers more features, more stats, and more fun while also helping to support Sporcle. Thank you for becoming a member.

Show Comments

Extras

Top Quizzes Today


Score Distribution

Your Account Isn't Verified!

In order to create a playlist on Sporcle, you need to verify the email address you used during registration. Go to your Sporcle Settings to finish the process.

Report this User

Report this user for behavior that violates our Community Guidelines.

Details: